|
|
|
|
| LEADER |
00868nam a22002532a 4500 |
| 001 |
000943855 |
| 003 |
CZ BrMZK |
| 005 |
20090713124703.0 |
| 007 |
ta |
| 008 |
090604s1969 xo er|||||||||||slo d |
| 040 |
|
|
|a OLA001
|b cze
|
| 041 |
1 |
|
|a slo
|h scc
|
| 100 |
1 |
|
|a Hristić, Jovan,
|d 1933-2002
|7 js20020624004
|4 aut
|
| 245 |
1 |
0 |
|a Orestés ;
|b Siedmi : jednoaktovky /
|c Jovan Hristić ; zo srbochorvátskeho originála ... preložil Branislav Choma
|
| 260 |
|
|
|a Bratislava :
|b Slovenské divadelné a literárne zastupiteľstvo,
|c 1969
|
| 300 |
|
|
|a 66 s.
|
| 700 |
1 |
|
|a Choma, Branislav,
|d 1924-2007
|7 ola2002150728
|4 trl
|
| 740 |
0 |
2 |
|a Siedmi
|
| 765 |
0 |
|
|t Orest
|9 Slovensky
|
| 765 |
0 |
|
|t Sedmorica
|9 Slovensky
|
| 910 |
|
|
|a BOA001
|b 1-0635.752
|
| 990 |
|
|
|a BK
|
| 991 |
|
|
|b 200906
|
| 996 |
7 |
|
|b 2619491785
|c 1-0635.752
|l MZK
|r Sklad / do 1 hodiny
|n 1
|w 000943855
|u 000010
|a 1
|e BOA001
|j MZK50
|s A
|